Hebrajski samogłoski WTL 2025 - Statystyki

Ogólne statystyki
  • Ten quiz został rozwiązany 102 razy
  • Średni wynik to 6 z 8
Statystyki odpowiedzi
Znak Nazwa % Poprawnych

םַ

patah
100%

םֵ

sere
88%

םְ

sewa
88%

םִ

hireq
75%

םֹ

holem
75%

םָ

qamec
75%

םֶ

segol
75%

םֻ

qibbus
63%
Nie znaleziono quizów pasujących do podanych kryteriów
Rozkład punktacji
Procent ludzi z każdym wynikiem
Percentyl według liczby udzielonych odpowiedzi
Twoja historia wyników
Nie rozwiązałeś tego quizu